| 000 | 00678nam a22002177a 4500 | ||
|---|---|---|---|
| 999 |
_c5174 _d5174 |
||
| 003 | AR-CdUCM | ||
| 008 | 190312b ||||| |||| 00| 0 spa d | ||
| 040 |
_aMUNICIPALIDAD PROVINCIAL DEL CUSCO _cBIBLIOTECA MUNICIPAL DEL CUSCO |
||
| 082 |
_a869.56 / _bL83 |
||
| 100 |
_aLopez Degregori, Carlos _915709 |
||
| 245 |
_aUn buen día : _b(1975-1977) / |
||
| 260 |
_aLima : _bEdiciones la sagrada familia, _c1978. |
||
| 300 | _c22 cm. | ||
| 500 | _aDonación de la familia Nieto. | ||
| 505 | _aContenido :Un buen día. | ||
| 650 |
_aPoesías peruanas _91481 |
||
| 650 |
_aPoesías del siglo XX _915565 |
||
| 650 |
_aLiteratura peruana _9169 |
||
| 942 |
_2ddc _cLIBROS |
||
| 945 | _arum | ||